MARC

LEADER 00000nam1a2200000 4500
001 57611
005 20231031054346.0
035 |a (RuTPU)RU\TPU\book\60824 
090 |a 57611 
100 |a 20031112d2003 m y0rusy50 ca 
101 0 |a rus 
102 |a RU 
200 1 |a Физика аномального мира и человека  |e В 5 т.  |f Г. А. Кирпичников 
210 |a Новосибирск  |c Манускрипт  |d 2003- 
225 1 |a Проблемы неоднородного физического вакуума 
700 1 |a Кирпичников  |b Г. А.  |g Геннадий Александрович 
801 1 |a RU  |b 63413507  |c 20031112  |g PSBO 
801 2 |a RU  |b 63413507  |c 20040129  |g PSBO 
942 |c BK